Applied Mathematics III-Electronics (Record no. 30986)
[ view plain ]
| 000 -LEADER | |
|---|---|
| fixed length control field | 00316nam a2200133Ia 4500 |
| 082 ## - DEWEY DECIMAL CLASSIFICATION NUMBER | |
| Classification number | 519 |
| Item number | KUM |
| 100 ## - MAIN ENTRY--PERSONAL NAME | |
| Personal name | Kumbhojkar / G.V |
| 245 ## - TITLE STATEMENT | |
| Title | Applied Mathematics III-Electronics |
| 260 ## - PUBLICATION, DISTRIBUTION, ETC. | |
| Name of publisher, distributor, etc. | C.Jamnadas and Co. |
| Date of publication, distribution, etc. | 2010 |
| 546 ## - LANGUAGE NOTE | |
| Language note | ENGLISH |
| -- | production |
| 650 ## - SUBJECT ADDED ENTRY--TOPICAL TERM | |
| Topical term or geographic name entry element | Applied mathematics |
| 942 ## - ADDED ENTRY ELEMENTS (KOHA) | |
| Koha item type | Reference Book |
| Withdrawn status | Lost status | Damaged status | Not for loan | Collection | Home library | Current library | Date acquired | Total Checkouts | Full call number | Barcode | Date last seen | Price effective from | Koha item type |
|---|---|---|---|---|---|---|---|---|---|---|---|---|---|
| CRC | Fr. Agnel's C.Rodrigues College of Engineering | Fr. Agnel's C.Rodrigues College of Engineering | 17/03/2023 | 519 KUM | 20720 | 17/03/2023 | Reference Book |